| 000 | 006280000a22002410004500 | ||
|---|---|---|---|
| 005 | 20120302053659.0 | ||
| 942 | _cBOOK | ||
| 100 | _a McCan,Robert L. | ||
| 245 | _a Outline of American economics | ||
| 260 | _aUSA:United States Information Agency, | ||
| 300 | _a143p | ||
| 040 | _aENG | ||
| 365 | _bRs. | ||
| 650 | _aHistory | ||
| 650 | _aAmerican History | ||
| 650 | _aAmerican Economics | ||
| 650 | _aUnited States-Economy Works | ||
| 650 | _aBusiness-American System Stocks-Commodities-Markets | ||
| 650 | _aMoney | ||
| 650 | _aBanking | ||
| 650 | _aFiscal Policy Foreign Trade | ||
| 650 | _aEconomic Policy | ||
| 999 |
_c343526 _d343523 |
||